|
|
|
|
| LEADER |
00000nam a22000007a 4500 |
| 005 |
20210223211410.0 |
| 007 |
cr|||| |||| |
| 008 |
210223s2005 us |||||s|||| 00||0 eng d |
| 020 |
|
|
|a 978-0-76231-231-3
|
| 035 |
|
|
|a 32050
|
| 040 |
|
|
|a vLex
|
| 090 |
|
|
|c 11219
|d 11219
|
| 100 |
1 |
|
|a Hartwell, Stephanie W.
|
| 245 |
1 |
3 |
|a The Organizational Response to Persons with Mental Illness Involved with the Criminal Justice System
|h [Recurso electrn̤ico] /
|c Stephanie W. Hartwell
|n vol. 12
|
| 256 |
|
|
|a Servicio en ln̕ea
|
| 260 |
|
|
|a Bingley:
|b Emerald Group Publishing Limited,
|c 2005
|
| 300 |
|
|
|a 1 recurso electrn̤ico
|
| 506 |
1 |
|
|a Disponible solo en los productos indicados
|d vLex Global
|d vLex Global (Academic Edition, excluding Law Schools)
|d vLex Global (Academic Edition, Law Schools)
|
| 650 |
0 |
4 |
|a Derecho Penal
|z Estados Unidos
|
| 740 |
0 |
|
|a vLex Libros (Servicio en ln̕ea)
|
| 856 |
4 |
0 |
|u http://vlex.com/source/32050
|z Acceso restringido
|
| 942 |
|
|
|c BOOK
|
| 999 |
0 |
|
|a Criminal law
|